Развитие профессиональной направленности личности выпускника политехнического вуза; Ресурсоэффективные системы в управлении и контроле: взгляд в будущее; Ч. 3

ग्रंथसूची विवरण
Parent link:Ресурсоэффективные системы в управлении и контроле: взгляд в будущее: сборник научных трудов III Международной конференции школьников, студентов, аспирантов, молодых ученых, 06 - 11 октября 2014 г./ Национальный исследовательский Томский политехнический университет (ТПУ).— , 2014
Ч. 3.— 2014.— [С. 59-62]
मुख्य लेखक: Гальцева О. В. Ольга Валерьевна
निगमित लेखक: Национальный исследовательский Томский политехнический университет (ТПУ) Институт неразрушающего контроля (ИНК) Кафедра физических методов и приборов контроля качества (ФМПК)
सारांश:Заглавие с титульного экрана
भाषा:रूसी
प्रकाशित: 2014
श्रृंखला:Новые образовательные технологии в области контроля и управления
विषय:
ऑनलाइन पहुंच:http://www.lib.tpu.ru/fulltext/c/2014/C47/V3/014.pdf
स्वरूप: इलेक्ट्रोनिक पुस्तक अध्याय
KOHA link:https://koha.lib.tpu.ru/cgi-bin/koha/opac-detail.pl?biblionumber=611256

MARC

LEADER 00000naa2a2200000 4500
001 611256
005 20231219140822.0
035 |a (RuTPU)RU\TPU\conf\8992 
035 |a RU\TPU\conf\8988 
090 |a 611256 
100 |a 20150302d2014 k y0rusy50 ca 
101 0 |a rus 
102 |a RU 
105 |a y z 101zy 
135 |a drgn ---uucaa 
181 0 |a i  
182 0 |a b 
200 1 |a Развитие профессиональной направленности личности выпускника политехнического вуза  |f О. В. Гальцева 
203 |a Текст  |c электронный 
225 1 |a Новые образовательные технологии в области контроля и управления 
300 |a Заглавие с титульного экрана 
320 |a [Библиогр.: с. 62 (4 назв.)] 
337 |a Adobe Reader 
461 1 |0 (RuTPU)RU\TPU\conf\8514  |t Ресурсоэффективные системы в управлении и контроле: взгляд в будущее  |o сборник научных трудов III Международной конференции школьников, студентов, аспирантов, молодых ученых, 06 - 11 октября 2014 г.  |o в 4 ч.  |f Национальный исследовательский Томский политехнический университет (ТПУ)  |d 2014 
463 0 |0 (RuTPU)RU\TPU\conf\8519  |t Ч. 3  |v [С. 59-62]  |d 2014 
610 1 |a труды учёных ТПУ 
610 1 |a электронный ресурс 
610 1 |a развитие 
610 1 |a профессиональная направленность 
610 1 |a выпускники вузов 
610 1 |a политехнические университеты 
610 1 |a специалисты 
610 1 |a личности 
610 1 |a личностная компетентность 
610 1 |a профессиограммы 
700 1 |a Гальцева  |b О. В.  |c специалист в области электротехники  |c доцент Томского политехнического университета, кандидат технических наук  |f 1979-  |g Ольга Валерьевна  |3 (RuTPU)RU\TPU\pers\29653  |9 14166 
712 0 2 |a Национальный исследовательский Томский политехнический университет (ТПУ)  |b Институт неразрушающего контроля (ИНК)  |b Кафедра физических методов и приборов контроля качества (ФМПК)  |3 (RuTPU)RU\TPU\col\18709 
801 2 |a RU  |b 63413507  |c 20150302  |g RCR 
856 4 |u http://www.lib.tpu.ru/fulltext/c/2014/C47/V3/014.pdf 
942 |c BK